banner-ar

شمس منتصف الليل : (Record no. 61658)

MARC details
000 -الفاتح
حقل البيانات ثابتة الطول 00742nam a22001937a 4500
005 - وقت وتاريخ اخر تعامل مع التسجيلة
رقم الضبط 20240530110510.0
008 - عناصر البيانات ثابتة الطول - معلومات عامة
حقل البيانات ثابتة الطول 151021s2011 ua g 000 1 ara d
040 ## - مصدر الفهرسة
وكالة الفهرسة الأصلية EG-CaGPL
082 04 - رقم تصنيف ديوى العشرى
رقم الطبعة 21
رقم التصنيف 813.083
رقم المادة ق/أ ش
100 0# - المدخل الرئيسى - إسم شخصى
الإسم الشخصى اسماء الطنانى .
245 10 - بيان العنوان
العنوان شمس منتصف الليل :
بقية العنوان اول رواية تصدر عن ثورة 25 يناير /
بيان المسئوليه,etc تاليف اسماء الطنانى .
250 ## - بيان الطبعة
بيان الطبعة ط3.
260 ## - PUBLICATION, DISTRIBUTION, ETC. (IMPRINT)
تاريخ النشر أو التوزيع 2011 .
300 ## - الوصف المادى
التعداد 160 ص ؛
أبعاد الوعاء 20 سم .
650 04 - المدخل الاضافى بالموضوع-مصطلح موضوعى
مصطلح موضوعي ثورة 25 يناير
التقسيم الفرعي الشكلي قصص .
651 04 - المدخل الاضافى بالموضوع - اسم جغرافى
الاسم الجغرافي مصر
التقسيم الفرعي العام تاريخ
التقسيم الفرعي الزمني العصر الحديث
-- ثورة 25 يناير .
942 ## - عناصر المدخل الإضافي( كوها)
مصدر التصنيف او مخطط الترفيف Dewey Decimal Classification
Koha [default] item type كتاب
260 ## - PUBLICATION, DISTRIBUTION, ETC. (IMPRINT)
-- القاهرة :
-- مكتبة جزيرة الورد ،
Holdings
حالة التراجع حالة الفقد حالة تلف ليس للاعارة المكان المؤقت الموقع الحالى تاريخ الاكتساب اجمالي اﻻعارات رقم الطلب الباركود تاريخ اخر مشاهدة تاريخ تفعيل السعر نوع وعاء كوها
        مكتبة القاهرة الكبرى مكتبة القاهرة الكبرى 10/26/2015   813.083 ق/أ ش 161005 10/26/2015 10/26/2015 كتاب

Powered By

EGPV